000 00565nam a22001937a 4500
999 _c7100
_d7100
003 AR-CdUCM
008 190319b ||||| |||| 00| 0 spa d
040 _aMUNICIPALIDAD PROVINCIAL DEL CUSCO
_cBIBLIOTECA MUNICIPAL DEL CUSCO
082 _a928 /
_bR11F
100 _aFrance, Anatole
_910550
245 _aVida y obra de Rabelais /
260 _aBuenos Aires :
_bFuturo,
_c1943.
300 _a220 páginas ;
_c18 cm.
500 _aDonación familia Nieto
650 _aAutores franceses
_915808
650 _aBiografía
_922
942 _2ddc
_cLIBROS
945 _aafb